01029 a2200277 4500003000500000005001700005010001700022020001600039020001900055035002100074035002400095040000900119082001500128100002100143245008000164250001200244260004800256300003400304490005500338505015100393650002400544650001900568650002500587830005600612856008300668Nust20221020174121.0 a 2008022812 a0470164026  a9780470164020  a(OCoLC)228701416 a(OCoLC)ocn228701416 cNust00a620.01,DEN1 aBuede, Dennis M.14aThe engineering design of systems :bmodels and methods /cDennis M. Buede. a2nd ed. aHoboken, N.J. :bJohn Wiley & Sons,cc2009. axiv, 516 p. :bill. ;c25 cm.1 aWiley series in systems engineering and management aPart 1: Introduction , Overview, and Basic Knowledge (Page-1), Part 2: Design and Integration (Page-149), Part 3: Supplemental Topics (Page-373). 0aEngineering design. 0aSystem design. 0aSystems engineering. 0aWiley series in systems engineering and management.413Table of contents onlyuhttp://www.loc.gov/catdir/toc/ecip0819/2008022812.html